| 000 | 01835nam a22005535a 4500 | ||
|---|---|---|---|
| 001 | 21002 | ||
| 003 | VRT | ||
| 005 | 20260210141511.0 | ||
| 008 | 180809s2011 xo o g 000 0 slo | ||
| 015 | _aSNBA2012/09-04943 | ||
| 020 |
_a9788085258677 _q(brož.) |
||
| 035 | _a8354508C-6573-4665-A6CC-49E36B2C9068 | ||
| 035 | _aurn:nbn:sk:snk-amkbaa | ||
| 035 | _aurn:nbn:sk:snk-am003x71 | ||
| 039 | 9 |
_a201808281054 _bAUTHORITY _c201808091659 _dVLOAD _c201602082138 _dVLOAD _c201503091053 _dVLOAD |
|
| 040 |
_aSNK _bslo _cSNK _eAACR2 |
||
| 041 | 0 | _aslo | |
| 044 |
_axo _cSK |
||
| 072 | 7 |
_a641 _xKuchárstvo. Potraviny. Varené jedlá _2konspekt |
|
| 080 |
_a641.55 _22001 |
||
| 080 |
_a641.85 _22001 |
||
| 080 |
_a(083.12) _22001 |
||
| 245 | 0 | 0 |
_aRecepty zo života _n23 _pHrnčeková kuchárka _c[z receptov čitateľov týždennika Život zostavil a upravil: Ivan Štefánek ; fotografie: Dušan Křístek] |
| 246 | 3 | 0 | _aHrnčeková kuchárka |
| 250 | _a1. vyd. | ||
| 260 |
_aBratislava _bRingier Axel Springer Slovakia _c2011 |
||
| 300 |
_a159 s. _bfareb. fotogr. _c21 cm |
||
| 504 | _aZoz. receptov | ||
| 650 | 0 | 7 |
_ajedlá _2SNKPH |
| 650 | 0 | 7 |
_adezerty _2SNKPH |
| 650 | 0 | 7 |
_aMeals _2SNKPHeng |
| 650 | 0 | 7 |
_aDesserts _2SNKPHeng |
| 655 | 7 |
_akuchárske recepty _2SNKPH |
|
| 655 | 7 |
_aCookbooks _2SNKPHeng |
|
| 700 | 1 |
_aŠtefánek, Ivan _4com |
|
| 700 | 1 |
_aKřístek, Dušan, _d1978- _4pht |
|
| 910 | _asnk | ||
| 910 | _atotk | ||
| 910 | _apokpoh | ||
| 910 | _ahevk | ||
| 942 |
_2ddc _cOLDO _n0 |
||
| 949 |
_617A0703218 _asnkSC 91915/23 _bsnk2011/11594 _o1259/11 _s6100:20140925 |
||
| 949 |
_64710710690 _astrmkN 641 _bstrmk2011/10690 |
||
| 949 |
_617A0707086 _asnkSC 91915/23 D1 _bsnk2011/15241 _o1259/11 |
||
| 949 |
_6273K0531323 _asvkpoB 85492 _bsvkpo537600 |
||
| 980 | _a641.55 | ||
| 980 | _a641.85 | ||
| 980 | _a(083.12) | ||
| 999 |
_c21002 _d21002 |
||